000 00446nam a22001577a 4500
003 OSt
005 20251031093830.0
008 251031b |||||||| |||| 00| 0 eng d
022 _a0040-5639
100 _aGary Habermas
245 _aO'COLLINS, SJ, GERALD:
_bSaint Augustine on the Resurrection of Christ
260 _aUSA,
_bSages Publications;
_c2018
300 _aP.189-191
440 _aTheological Studies
_nNo.1
_vVol.79
942 _2lcc
_cART
999 _c205001
_d204961